NBA All-Central Division Team - Statistics

General Stats
  • This quiz has been taken 24 times
  • The average score is 10 of 15
Answer Stats
Roster Position Answer NBA Team % Correct
Starter Small Forward LeBron James Cleveland Cavaliers
100%
Starter Center Andre Drummond Detroit Pistons
91%
Backup Point Guard Derrick Rose Chicago Bulls
91%
Backup Shooting Guard Jimmy Butler Chicago Bulls
82%
Starter Shooting Guard Paul George Indiana Pacers
82%
Backup Power Forward Kevin Love Cleveland Cavaliers
73%
Starter Point Guard Reggie Jackson Detroit Pistons
68%
3rd String Small Forward Jabari Parker Milwaukee Bucks
59%
3rd String Shooting Guard Khris Middleton Milwaukee Bucks
59%
Backup Center Pau Gasol Chicago Bulls
59%
Starter Power Forward Giannis Antetokounmpo Milwaukee Bucks
50%
3rd String Center Greg Monroe Milwaukee Bucks
45%
3rd String' Power Forward Marcus Morris Detroit Pistons
36%
3rd String Point Guard Monta Ellis Indiana Pacers
32%
Backup Small Forward Kentavious Caldwell-Pope Detroit Pistons
27%
No matching quizzes found
Score Distribution
Percent of People with Each Score
Percentile by Number Answered
Your Score History
You have not taken this quiz